[Event "Kaluga Tsiolkovsky Memorial op"]
[Site "Kaluga"]
[Date "2016.08.15"]
[Round "9"]
[White "Polekhin, D."]
[Black "Bespalov, German"]
[Result "0-1"]
[WhiteElo "1597"]
[BlackElo "1575"]
[PlyCount "58"]
[EventDate "2016.08.06"]
[EventType "swiss"]
[EventRounds "9"]
[EventCountry "RUS"]
[SourceTitle "CBM 174 Extra"]
[Source "ChessBase"]
[SourceDate "2016.10.10"]
[SourceVersion "1"]
[SourceVersionDate "2016.10.10"]
[SourceQuality "1"]

1. e4 c5 2. Nc3 Nc6 3. Bc4 e6 4. Bb3 Nf6 5. d3 Be7 6. Nge2 d6 7. 0-0 a6 8. a3 Bd7 9. Ng3 Qb6 10. Re1 Nd4 11. Ba2 Qc7 12. Rb1 b5 13. Be3 Nc6 14. Qd2 h6 15. Nce2 Ng4 16. c4 Nxe3 17. Qxe3 b4 18. axb4 Nxb4 19. Bb3 Bf6 20. Red1 g6 21. d4 cxd4 22. Nxd4 Qc5 23. Nc2 Qxe3 24. Nxe3 Ke7 25. f4 h5 26. Rbc1 Bxb2 27. Rb1 Bf6 28. Kh1 h4 29. Ne2 Bc6 0-1

[Event "Kaluga Tsiolkovsky Memorial op"]
[Site "Kaluga"]
[Date "2016.08.09"]
[Round "4"]
[White "Antipov, Vladimir"]
[Black "Bespalov, German"]
[Result "1-0"]
[WhiteElo "1863"]
[BlackElo "1575"]
[PlyCount "53"]
[EventDate "2016.08.06"]
[EventType "swiss"]
[EventRounds "9"]
[EventCountry "RUS"]
[SourceTitle "CBM 174 Extra"]
[Source "ChessBase"]
[SourceDate "2016.10.10"]
[SourceVersion "1"]
[SourceVersionDate "2016.10.10"]
[SourceQuality "1"]

1. Nf3 d5 2. c4 e6 3. d4 c5 4. e3 Nf6 5. Nc3 Nc6 6. b3 cxd4 7. Nxd4 Bb4 8. Bd2 Nxd4 9. exd4 dxc4 10. bxc4 Qxd4 11. Qa4+ Bd7 12. Qxb4 Ne4 13. 0-0-0 0-0-0 14. Nxe4 Qxe4 15. Be3 Bc6 16. Be2 Qxg2 17. Bxa7 Qg5+ 18. Be3 Qe5 19. Qa3 Qa1+ 20. Kc2 Be4+ 21. Kb3 Qe5 22. Qa8+ Kc7 23. Rxd8 Rxd8 24. Bb6+ Kc6 25. Bxd8 Bxh1 26. Qc8+ Kd6 27. Qc7# 1-0